000 00318nam a2200133Ia 4500
008 191201s2005 xx 000 0 und d
100 _aRAI, G D
245 0 _aNon-conventional Energy Sources
250 _a4th
260 _aN.Delhi
_bKhanna Publisher
_c2005
300 _a912
650 _aB.Tech(ME)
942 _2ddc
_cBK
999 _c1939
_d1939